Научный труд и его индустриализация; Организация и эффективность научной работы студентов высших учебных заведений

Bibliographische Detailangaben
Parent link:Организация и эффективность научной работы студентов высших учебных заведений.— 1967.— С. 65-70
1. Verfasser: Грошев В. П.
Sprache:Russisch
Veröffentlicht: 1967
Schlagworte:
Format: MixedMaterials Buchkapitel
KOHA link:https://koha.lib.tpu.ru/cgi-bin/koha/opac-detail.pl?biblionumber=185866

MARC

LEADER 00000naa2a2200000 4500
001 185866
005 20231031173138.0
035 |a (RuTPU)RU\TPU\book\201682 
035 |a RU\TPU\tpu\185 
090 |a 185866 
100 |a 20101018d1967 k y0rusy50 ca 
101 0 |a rus 
102 |a RU 
200 1 |a Научный труд и его индустриализация  |f В. П. Грошев 
463 0 |0 (RuTPU)RU\TPU\book\141051  |t Организация и эффективность научной работы студентов высших учебных заведений  |o материалы к Первой межвузовской научно-методической конференции, г. Томск, 1967 г.  |f Томский политехнический институт (ТПИ); под ред. А. А. Воробьева  |v С. 65-70  |d 1967  |p 380 с. 
610 1 |a труд 
610 1 |a труды учёных ТПУ 
700 1 |a Грошев  |b В. П. 
801 0 |a RU  |b 63413507  |c 20011210  |g PSBO 
801 2 |a RU  |b 63413507  |c 20101018  |g PSBO 
942 |c BK